1563 1004 1024 1781 1986 1645 1942 1766 1186 1890 1684 1574 1378 1008 1687 1972 1651 1633 1578 1835 1405 1455 1255 1205 1197 1642 1682 1576 1339 1919 1483 1277 1867 1810 1322 1008 1122 1074 1685 1820 1374 1764 1678 1117 1924 1043 1926 1542 1230 1236 1996 1280 1708 1496 1635 1274 1777 1065 1377 1471 1218 1709 1835 1936 1601 1618 1417 1715 1253 1517 1525 1897 1830 1755 1145 1508 1740 1508 1467 1640 1617 1664 1155 1157 1589 1296 1466 1414 1155 1502 1394 1665 1226 1709 1617 1761 1605 1267 1804 BCNSPRNW ULIB Ver.6.0+V

เปลี่ยนเป็นภาษาไทย

Change to English
 แสดงรายละเอียดบรรณานุกรม
  กลับหน้าหลัก

Brief Record : Get Marc (ISO 2709) : E-mail record : QR code < ปิดหน้าต่าง
LEADER : 00000nam 2200000uu 4500
001    13399122987
003     ULIB
008    020711s2551 th a 000 0 tha d
020    9789744465702
090    นว.^bท121ร 2551 ล.2
100    ทมยันตี
245    ร่มฉัตร เล่ม2/^cทมยันตี
250    พิมพ์ครั้งที่ 9
260    กรุงเทพฯ :^bณ บ้านวรรณกรรม,^c2551
300    606 หน้า
710 1  ณ บ้านวรรณกรรม
945    ^p720^l0^i15296
995    ทศพร
999 ^a ทศพร
รายการนี้ยังไม่มีแท็ก
คุณยังไม่ได้ล็อกอิน คุณสามารถมีกิจกรรมร่วมกับเว็บไซต์ได้ แต่ต้องล็อกอินก่อน ::
  ล็อกอิน

รายการสื่อสารสนเทศ

ลำดับที่ ประเภท เลขเรียก/บาร์โค้ด สถานที่ สถานะ
1. นวนิยาย
นวนิยาย
นว. ท121ร 2551 ล.2 ฉ.1 
  Barcode: 15296
ห้องสมุดวิทยาเขตนครสวรรค์
►นวนิยาย:l:Fiction
บนชั้น

รายการใกล้เคียง
    ผู้แต่ง [ทมยันตี]

BibComment


ยังไม่เคยถูกคอมเมนท์

คอมเมนท์ทรัพยากรรายการนี้
  คอมเมนท์: ร่มฉัตร เล่ม2 ทมย..


 Copyright 2026. Bcnsprnw @Library